00747nam a2200241 a 450000100060000000300080000600500170001400800410003102000150007203500140008703500140010104000230011504100080013808200250014624500960017126000310026730000340029850400510033265000390038365000200042270000230044270000400046537531BD-RjUL20211209052623.0150125s1994 ii a 000 0 eng d a8172380089 a(BD-RjUL) a(BD-RjUL) aANLbengcANLdANL aeng04a628.55220bSOI 199400aSoil environment and pesticides /ceditors, D. Prasad, H.S. Gaur ; foreword by V.L. Chopra. aNew Delhi :bVenus,c1994. axii, 400 p. :bill. ;c23 cm. aIncludes bibliographical references and index. 0aPesticidesxEnvironmental aspects. 0aSoil pollution.1 aPrasad, D.,d1948-1 aGaur, H. S.q(Hari Shankar),d1952-